[Event "10th European Teams w"]
[Site "Warsaw POL"]
[Date "2013.11.09"]
[Round "2.10"]
[White "Stoeri, Laura"]
[Black "Schleining, Zoya"]
[Result "1-0"]
[WhiteTitle "WFM"]
[BlackTitle "WGM"]
[WhiteElo "2102"]
[BlackElo "2379"]
[WhiteTeam "Switzerland"]
[BlackTeam "Germany"]
[WhiteFideId "1304313"]
[BlackFideId "4671660"]
[EventDate "2013.11.08"]

1. e4 c5 2. Nf3 Nc6 3. d4 cxd4 4. Nxd4 Qc7 5. Nc3 e6 6. Be3 a6 7. Qd2 Nf6 8.
O-O-O Be7 9. f3 b5 10. Nb3 d6 11. Qf2 Rb8 12. g4 Ne5 13. g5 Nfd7 14. Kb1 b4 15.
Ne2 Nc4 16. Bc1 a5 17. Ned4 Ba6 18. Bxc4 Bxc4 19. Nd2 Ba6 20. f4 Nc5 21. Rhg1
Rc8 22. Qg2 g6 23. N2b3 O-O 24. Nxc5 dxc5 25. Nf3 Rcd8 26. Rde1 Bb7 27. Qh3 Bd6
28. Qh4 e5 29. f5 gxf5 30. exf5 Bxf3 31. f6 Rfe8 32. Rg3 e4 33. Rh3 h5 34. gxh6
Kh7 35. Rg1 Be5 36. Rxf3 exf3 37. Qe4+ Kh8 38. Rg7 1-0

[Event "10th European Teams w"]
[Site "Warsaw POL"]
[Date "2013.11.09"]
[Round "2.10"]
[White "Kachiani-Gersinska, Ketino"]
[Black "De Seroux, Camille"]
[Result "1-0"]
[WhiteTitle "IM"]
[BlackTitle "WFM"]
[WhiteElo "2365"]
[BlackElo "2066"]
[WhiteTeam "Germany"]
[BlackTeam "Switzerland"]
[WhiteFideId "4623614"]
[BlackFideId "1305620"]
[EventDate "2013.11.08"]

1. d4 Nf6 2. c4 g6 3. Nc3 Bg7 4. e4 d6 5. Be2 O-O 6. Bg5 Na6 7. Qd2 e5 8. d5 Nc5
9. f3 a5 10. h4 c6 11. h5 cxd5 12. h6 Bh8 13. cxd5 Bd7 14. Nh3 Qe8 15. g4 b5 16.
Nf2 b4 17. Ncd1 Bb5 18. Ne3 Bxe2 19. Qxe2 b3 20. a3 Rc8 21. O-O a4 22. Rfc1 Qd7
23. Rc3 Rc7 24. Rac1 Rfc8 25. Kf1 Qe8 26. Nc4 Nb7 27. Nd3 Qf8 28. Nb4 Ne8 29.
Na6 f6 30. Nxc7 fxg5 31. Ne6 Qxh6 32. Kg2 Ng7 33. Nb6 Rxc3 34. Rxc3 Nxe6 35.
dxe6 Nc5 36. Rxc5 dxc5 37. e7 Kf7 38. Qb5 Kxe7 39. Qd7+ Kf8 40. Qd8+ Kf7 41.
Qxh8 Qg7 42. Qc8 Qf6 43. Nd5 Qd6 44. Qb7+ Kg8 45. Qa8+ Kg7 46. Qa7+ Kg8 47. Qxa4
h5 48. Qxb3 hxg4 49. fxg4 Kg7 50. Qb7+ Kh6 51. Qc8 Kg7 52. Qc7+ 1-0

[Event "10th European Teams w"]
[Site "Warsaw POL"]
[Date "2013.11.09"]
[Round "2.11"]
[White "Franciskovic, Borka"]
[Black "Schut, Lisa"]
[Result "0-1"]
[WhiteTitle "WIM"]
[BlackTitle "WIM"]
[WhiteElo "2263"]
[BlackElo "2333"]
[WhiteTeam "Croatia"]
[BlackTeam "Netherlands"]
[WhiteFideId "14507943"]
[BlackFideId "1019481"]
[EventDate "2013.11.08"]

1. c4 g6 2. g3 Bg7 3. Bg2 c5 4. Nf3 Nc6 5. Nc3 e6 6. O-O Nge7 7. d3 O-O 8. Rb1
d5 9. Bg5 h6 10. Bd2 b6 11. a3 Bb7 12. Qc1 h5 13. Bh6 Qd7 14. Bxg7 Kxg7 15. b4
dxc4 16. dxc4 Nd4 17. bxc5 Bxf3 18. exf3 bxc5 19. Qe3 Nec6 20. f4 Rab8 21. Nb5
Rbc8 22. Rfd1 Rfd8 23. Nc3 Qe7 24. Ne2 Nf5 25. Qc3+ Ncd4 26. Be4 e5 27. Nxd4
Nxd4 28. Re1 exf4 29. Kg2 Qd6 30. Rb7 Rc7 31. Rxc7 Qxc7 32. Bd5 Rb8 33. Qd2 fxg3
34. hxg3 Qd6 35. Qa5 a6 36. Qa4 Rb2 37. Re4 Nf5 38. Kg1 Nxg3 39. Qe8 Qf6 40. Qe5
Nxe4 0-1

[Event "10th European Teams w"]
[Site "Warsaw POL"]
[Date "2013.11.09"]
[Round "2.11"]
[White "Peng, Zhaoqin"]
[Black "Jelica, Mara"]
[Result "1-0"]
[WhiteTitle "GM"]
[BlackTitle "WIM"]
[WhiteElo "2378"]
[BlackElo "2252"]
[WhiteTeam "Netherlands"]
[BlackTeam "Croatia"]
[WhiteFideId "1004786"]
[BlackFideId "14504111"]
[EventDate "2013.11.08"]

1. d4 Nf6 2. c4 e6 3. g3 Bb4+ 4. Nd2 O-O 5. Bg2 d5 6. Nf3 c5 7. dxc5 dxc4 8. O-O
c3 9. bxc3 Bxc3 10. Rb1 Nc6 11. Qc2 Bxd2 12. Bxd2 Qc7 13. Bc3 Nd5 14. Ng5 g6 15.
Ba1 f6 16. Ne4 Bd7 17. Rfd1 Nce7 18. Nxf6+ Nxf6 19. Rxb7 Qxb7 20. Bxb7 Rad8 21.
Bxf6 1-0

[Event "10th European Teams w"]
[Site "Warsaw POL"]
[Date "2013.11.09"]
[Round "2.11"]
[White "Saric, Kristina"]
[Black "Lanchava, Tea"]
[Result "0-1"]
[WhiteTitle "WIM"]
[BlackTitle "IM"]
[WhiteElo "2250"]
[BlackElo "2289"]
[WhiteTeam "Croatia"]
[BlackTeam "Netherlands"]
[WhiteFideId "14507323"]
[BlackFideId "1005308"]
[EventDate "2013.11.08"]

1. e4 g6 2. d4 Bg7 3. Nc3 c6 4. h3 d6 5. Be3 Nd7 6. Nf3 b5 7. g4 h6 8. a3 a6 9.
Qd2 Bb7 10. Be2 Qc7 11. O-O Ngf6 12. Rad1 c5 13. e5 dxe5 14. dxe5 Nxe5 15. Nxe5
Qxe5 16. Nxb5 O-O 17. Nc3 Rad8 18. Qc1 Ne4 19. Nxe4 Qxe4 20. f3 Qe5 21. Kg2 f5
22. Bc4+ Kh7 23. Bf4 Rxd1 24. Rxd1 Bxf3+ 25. Kg3 Qf6 26. g5 Qc6 27. Re1 hxg5 28.
Bxg5 e5 29. Kh2 f4 30. Rg1 Qd7 31. Qe1 Bh5 32. Qh4 Qf5 33. Rg2 e4 34. Be7 Bf6
35. Bxf6 Qxf6 36. Rg5 Kh6 0-1

[Event "10th European Teams w"]
[Site "Warsaw POL"]
[Date "2013.11.09"]
[Round "2.11"]
[White "Haast, Anne"]
[Black "Berke, Ana"]
[Result "1-0"]
[WhiteTitle "WIM"]
[BlackTitle "WIM"]
[WhiteElo "2262"]
[BlackElo "2139"]
[WhiteTeam "Netherlands"]
[BlackTeam "Croatia"]
[WhiteFideId "1017292"]
[BlackFideId "14510359"]
[EventDate "2013.11.08"]

1. e4 c5 2. Nf3 d6 3. d4 cxd4 4. Nxd4 Nf6 5. Nc3 Nc6 6. Bc4 Qb6 7. Nxc6 bxc6 8.
O-O g6 9. Be3 Qc7 10. f3 Bg7 11. Qd2 O-O 12. Bb3 Rb8 13. Bh6 Bxh6 14. Qxh6 c5
15. Rab1 c4 16. Ba4 Be6 17. Rfd1 Rb4 18. Qe3 Rc8 19. a3 Rb6 20. Ne2 Rcb8 21. b3
Qc5 22. Qxc5 dxc5 23. e5 Nd5 24. Kf2 a5 25. Rbc1 Nc7 26. Nf4 cxb3 27. cxb3 Bxb3
28. Bxb3 Rxb3 29. Rxc5 Rb2+ 30. Kg3 g5 31. Rxc7 gxf4+ 32. Kxf4 Rxg2 33. Rxe7
Rxh2 34. Ra7 a4 35. Rg1+ Kf8 36. Rxa4 Rf2 37. Ke4 Re2+ 38. Kf5 Rb7 39. f4 Rbb2
40. Ra8+ Ke7 41. Rg7 Rb7 42. Rxh7 Rc2 43. Rhh8 Ra2 44. Rad8 1-0

[Event "10th European Teams w"]
[Site "Warsaw POL"]
[Date "2013.11.09"]
[Round "2.12"]
[White "Sedina, Elena"]
[Black "Mammadova, Gulnar"]
[Result "1/2-1/2"]
[WhiteTitle "IM"]
[BlackTitle "WGM"]
[WhiteElo "2302"]
[BlackElo "2354"]
[WhiteTeam "Italy"]
[BlackTeam "Azerbaijan"]
[WhiteFideId "812153"]
[BlackFideId "13403508"]
[EventDate "2013.11.08"]

1. e4 e6 2. d4 d5 3. e5 c5 4. c3 Ne7 5. Nf3 Nec6 6. Bd3 b6 7. O-O Ba6 8. Bxa6
Nxa6 9. Qa4 Nb8 10. c4 Qd7 11. dxc5 Nxe5 12. Qxd7+ Nbxd7 13. Nxe5 Nxe5 14. cxd5
Bxc5 15. Nc3 O-O 16. dxe6 fxe6 17. Ne4 Bd4 18. Rd1 Rad8 19. h3 Rd5 20. Rb1 Nd7
21. b4 Rc8 22. Bf4 Rc4 23. Bg3 Nf6 24. Nxf6+ gxf6 25. Rd2 e5 26. Kf1 Rb5 27. a3
a5 28. f4 axb4 29. axb4 e4 30. Ke2 e3 31. Rd3 Rbxb4 32. Rxb4 Rxb4 33. f5 h5 34.
Kf3 Bc5 35. Rd8+ Kf7 36. Bd6 Bxd6 37. Rxd6 Re4 38. Ke2 b5 39. g3 Re5 40. g4 hxg4
41. hxg4 Re4 42. Rb6 b4 43. Rb8 Kg7 44. Rb6 Rxg4 45. Kxe3 Rc4 46. Kd3 Rh4 47.
Ke3 Rh3+ 48. Kd4 b3 49. Ke4 Kf7 50. Kd5 Re3 51. Kd4 Re5 52. Rxb3 Rxf5 53. Ke4
Rf1 54. Ke3 Kg6 55. Rb5 Rh1 56. Kf4 Rh4+ 57. Kg3 Ra4 58. Kf3 1/2-1/2

[Event "10th European Teams w"]
[Site "Warsaw POL"]
[Date "2013.11.09"]
[Round "2.12"]
[White "Mamedjarova, Zeinab"]
[Black "Zimina, Olga"]
[Result "1-0"]
[WhiteTitle "WGM"]
[BlackTitle "IM"]
[WhiteElo "2236"]
[BlackElo "2338"]
[WhiteTeam "Azerbaijan"]
[BlackTeam "Italy"]
[WhiteFideId "13401521"]
[BlackFideId "4132190"]
[EventDate "2013.11.08"]

1. d4 d5 2. e3 Nf6 3. Nd2 c6 4. Bd3 Bg4 5. Ne2 e6 6. O-O Bh5 7. f4 Nbd7 8. Qe1
Bxe2 9. Qxe2 g6 10. b3 Bd6 11. Bb2 Qe7 12. a4 h5 13. e4 dxe4 14. Nxe4 Nxe4 15.
Qxe4 h4 16. c4 Rh5 17. Rae1 O-O-O 18. Qf3 Ba3 19. Ba1 Bb4 20. Re2 Qd6 21. Be4
Nf6 22. Bc2 Ng8 23. Re5 Rh6 24. Kh1 Ne7 25. Rd1 Qc7 26. Rf1 Bd6 27. Re2 Bb4 28.
d5 cxd5 29. cxd5 exd5 30. Bf6 Rd7 31. Bd3 d4 32. f5 Kb8 33. fxg6 Rxg6 34. Bxg6
d3 35. Bxd3 1-0

[Event "10th European Teams w"]
[Site "Warsaw POL"]
[Date "2013.11.09"]
[Round "2.12"]
[White "Brunello, Marina"]
[Black "Mamedjarova, Turkan"]
[Result "1-0"]
[WhiteTitle "WIM"]
[BlackTitle "WGM"]
[WhiteElo "2248"]
[BlackElo "2250"]
[WhiteTeam "Italy"]
[BlackTeam "Azerbaijan"]
[WhiteFideId "822590"]
[BlackFideId "13402005"]
[EventDate "2013.11.08"]

1. e4 e5 2. Nf3 Nc6 3. d4 exd4 4. Nxd4 Bc5 5. Nb3 Bb4+ 6. c3 Be7 7. f4 d6 8. Bd3
Bh4+ 9. g3 Be7 10. O-O Bh3 11. Re1 h5 12. N1d2 Qd7 13. Nf3 h4 14. Nfd4 hxg3 15.
hxg3 Bg4 16. Qc2 Nf6 17. Be3 Rh3 18. Qg2 Nh5 19. Bf2 Nxd4 20. Nxd4 O-O-O 21. Bf1
Rh8 22. Re3 g6 23. Nf3 Ng7 24. b3 f5 25. Rd1 fxe4 26. Ne5 Qe6 27. Nxg4 Qxg4 28.
Be2 Qe6 29. Qxe4 Qxe4 30. Rxe4 Nf5 31. Kg2 Rh2+ 32. Kf3 Bf6 33. Re6 Bxc3 34.
Rxg6 R2h3 35. Kg4 Ne7 36. Re6 Kd7 37. Re3 Bf6 38. Bc4 Rh2 39. Kf3 Rf8 40. Be6+
Kd8 41. Ree1 Nc6 42. Re2 Bg7 43. Bg1 Rh1 44. Kg2 Rfh8 45. Re4 R8h2+ 46. Bxh2
Rxd1 47. f5 d5 48. Rh4 Ne5 49. Rh7 Rd2+ 50. Kh3 Bf6 51. g4 Rd3+ 52. Kg2 Rd2+ 53.
Kf1 Nxg4 54. Bxc7+ Ke8 55. Bf7+ Kf8 56. Bd6+ 1-0

[Event "10th European Teams w"]
[Site "Warsaw POL"]
[Date "2013.11.09"]
[Round "2.12"]
[White "Umudova, Nargiz"]
[Black "Messina, Roberta"]
[Result "1-0"]
[WhiteTitle "WIM"]
[BlackTitle "WFM"]
[WhiteElo "2253"]
[BlackElo "2064"]
[WhiteTeam "Azerbaijan"]
[BlackTeam "Italy"]
[WhiteFideId "13402137"]
[BlackFideId "819018"]
[EventDate "2013.11.08"]

1. e4 c5 2. Nf3 d6 3. d4 cxd4 4. Nxd4 Nf6 5. Nc3 a6 6. Qf3 Nbd7 7. h3 Qc7 8. g4
Ne5 9. Qe2 Nc6 10. Be3 e6 11. g5 Nd7 12. O-O-O b5 13. Bg2 Bb7 14. f4 b4 15. Nb1
Nxd4 16. Bxd4 e5 17. Be3 exf4 18. Bxf4 Ne5 19. Rd4 Rc8 20. h4 Be7 21. Bh3 O-O
22. Bxe5 dxe5 23. Rd7 Bxg5+ 24. hxg5 Qc6 25. Rxb7 Qxb7 26. Bxc8 Rxc8 27. Nd2 Qc6
28. Nf3 Qe6 29. Kb1 Rc4 30. Qh2 1-0

[Event "10th European Teams w"]
[Site "Warsaw POL"]
[Date "2013.11.09"]
[Round "2.13"]
[White "Kulovana, Eva"]
[Black "Moser, Eva"]
[Result "0-1"]
[WhiteTitle "WGM"]
[BlackTitle "IM"]
[WhiteElo "2263"]
[BlackElo "2434"]
[WhiteTeam "Czech Republic"]
[BlackTeam "Austria"]
[WhiteFideId "318779"]
[BlackFideId "1607456"]
[EventDate "2013.11.08"]

1. e4 e6 2. d4 d5 3. Nd2 c5 4. exd5 exd5 5. Ngf3 Nf6 6. Bb5+ Bd7 7. Bxd7+ Nbxd7
8. O-O Be7 9. dxc5 Nxc5 10. Nb3 Nce4 11. Nfd4 Qd7 12. f3 Nd6 13. Nc5 Qc7 14. Nd3
O-O 15. Bf4 Qb6 16. c3 Nf5 17. Bc7 Qxc7 18. Nxf5 Bd8 19. Qd2 Qd7 20. Nd4 Bc7 21.
Rfe1 Qd6 22. g3 h6 23. Kg2 a6 24. Re2 Rad8 25. Rae1 Nh7 26. Nf2 Ng5 27. Qd3 Bb6
28. Nf5 Qc5 29. Ng4 Kh8 30. h4 Nh7 31. Nd4 Qc4 32. Ne5 Qxd3 33. Nxd3 Nf6 34. Re7
Rb8 35. Nf5 Bd8 36. R7e2 h5 37. Nf4 Bc7 38. Nd3 g6 39. Nd4 Bd6 40. Nc2 Rbd8 41.
Rd1 Rfe8 42. Rxe8+ Rxe8 43. Rd2 Kg7 44. Nc1 Bc5 45. Re2 Rxe2+ 46. Nxe2 Kf8 47.
Kf1 Ke7 48. Ke1 Kd6 49. Nf4 Ba7 50. Ke2 Bb8 51. Ke3 Nd7 52. b3 Ba7+ 53. Ke2 Nf6
54. Nh3 Bb8 55. Kf2 Bc7 56. Nf4 Ba5 57. Ne2 Ke5 58. Ke3 Ng8 59. Kd3 Nh6 60. Ne3
Bb6 61. Nd4 Ng8 62. Ne2 Ne7 63. Nd4 Nc6 64. Ne2 Kd6 65. Nd4 Bxd4 66. cxd4 Nb4+
67. Kd2 Nxa2 68. g4 Ke6 69. Ng2 hxg4 70. fxg4 Nb4 71. Kc3 a5 72. Ne1 f5 73.
gxf5+ Kxf5 74. Nf3 Nc6 75. Kd3 Kg4 76. Ke3 b5 77. Ng1 a4 78. bxa4 bxa4 79. Ne2
a3 80. Nc1 Kxh4 0-1

[Event "10th European Teams w"]
[Site "Warsaw POL"]
[Date "2013.11.09"]
[Round "2.13"]
[White "Newrkla, Katharina"]
[Black "Havlikova, Kristyna"]
[Result "1/2-1/2"]
[WhiteTitle "WFM"]
[BlackTitle "WIM"]
[WhiteElo "2173"]
[BlackElo "2237"]
[WhiteTeam "Austria"]
[BlackTeam "Czech Republic"]
[WhiteFideId "1621629"]
[BlackFideId "309672"]
[EventDate "2013.11.08"]

1. e4 c5 2. Nf3 Nc6 3. d4 cxd4 4. Nxd4 g6 5. c4 Nf6 6. Nc3 d6 7. Be2 Nxd4 8.
Qxd4 Bg7 9. Be3 O-O 10. Qd2 a5 11. Rd1 Bd7 12. O-O Bc6 13. f3 Nd7 14. Rfe1 Nc5
15. Bf1 Na4 16. Nxa4 Bxa4 17. b3 Bc6 18. c5 dxc5 19. Qxd8 Rfxd8 20. Bxc5 Kf8 21.
Bb6 Rxd1 22. Rxd1 Be5 23. Bc4 Bd6 24. a4 h5 25. g3 Bb4 26. Bd5 Ra6 27. Bxc6 Rxb6
28. Bb5 Rd6 29. Rxd6 Bxd6 30. Kg2 e5 31. h3 Ke7 32. Bc4 b6 33. Bd5 Bc5 34. f4
exf4 35. gxf4 Be3 36. Kf3 Bd2 37. Bc4 Bc1 38. Bd5 Bd2 39. Bc4 Bc1 40. Bd5 Bd2 1/2-1/2

[Event "10th European Teams w"]
[Site "Warsaw POL"]
[Date "2013.11.09"]
[Round "2.13"]
[White "Olsarova, Tereza"]
[Black "Exler, Veronika"]
[Result "0-1"]
[WhiteTitle "WIM"]
[BlackTitle "WFM"]
[WhiteElo "2248"]
[BlackElo "2147"]
[WhiteTeam "Czech Republic"]
[BlackTeam "Austria"]
[WhiteFideId "325449"]
[BlackFideId "1620550"]
[EventDate "2013.11.08"]

1. e4 e5 2. Nf3 Nc6 3. Bb5 Nf6 4. d3 Bc5 5. c3 O-O 6. Bxc6 bxc6 7. Nxe5 d5 8. d4
Re8 9. O-O Ba6 10. Re1 Nxe4 11. dxc5 Rxe5 12. f3 Nf2 13. Qd2 Rxe1+ 14. Qxe1 Nd3
15. Qe3 Qf8 16. Bd2 Nxb2 17. Qd4 Nd3 18. Be3 f5 19. Na3 f4 20. Bd2 Re8 21. Rd1
Qe7 22. Nb1 Qe2 23. Rf1 Nxc5 24. c4 Bxc4 25. Rc1 Nd3 26. Rf1 c5 27. Qc3 Re6 0-1

[Event "10th European Teams w"]
[Site "Warsaw POL"]
[Date "2013.11.09"]
[Round "2.13"]
[White "Schnegg, Anna-Lena"]
[Black "Sikorova, Olga"]
[Result "0-1"]
[WhiteTitle "WC"]
[BlackTitle "WIM"]
[WhiteElo "2076"]
[BlackElo "2278"]
[WhiteTeam "Austria"]
[BlackTeam "Czech Republic"]
[WhiteFideId "1625268"]
[BlackFideId "307033"]
[EventDate "2013.11.08"]

1. e4 d5 2. exd5 Nf6 3. Bb5+ Bd7 4. Be2 Nxd5 5. d4 Nc6 6. c4 Nb6 7. d5 Ne5 8. c5
Nc8 9. f4 Ng6 10. Bc4 e6 11. Be3 Qf6 12. Ne2 exd5 13. Bxd5 Nce7 14. Bxb7 Rb8 15.
Bf3 Nf5 16. Bf2 Ngh4 17. Bd5 Bc6 18. O-O Rd8 19. Nbc3 Qg6 20. Ng3 Ne7 21. Bxc6+
Qxc6 22. Qa4 Qxa4 23. Nxa4 Nd5 24. Bd4 f5 25. Rad1 c6 26. Ne2 Kf7 27. Nac3 Be7
28. Nxd5 Rxd5 29. Nc3 Rxd4 30. Rxd4 Bxc5 31. Rd1 Rd8 32. Ne2 Bxd4+ 33. Rxd4 Re8
34. Rd2 h6 35. Kf2 Re7 36. g3 Ng6 37. Nd4 Rd7 38. Ke1 Ne7 39. Nxc6 Rxd2 40. Ne5+
Ke6 41. Kxd2 g5 42. Ke3 Nd5+ 43. Kf3 h5 44. Nc6 g4+ 45. Ke2 a6 46. Nd4+ Kf6 47.
Nb3 h4 48. Nc5 h3 49. Nxa6 Nxf4+ 50. Kf1 Nd5 51. b4 Ke5 52. b5 Kd6 53. a4 Nb6
54. Nb4 Nxa4 55. Nc2 Ke5 56. Kf2 Ke4 57. Na3 Nb6 58. Nb1 Kd3 59. Na3 Nd5 60. b6
Nxb6 61. Nb5 Nc4 62. Nc7 Nd6 63. Ne6 Ne4+ 64. Kf1 Ke3 65. Ng7 Nd2+ 66. Kg1 Nf3+
67. Kh1 Nd4 68. Kg1 Ke2 69. Nh5 Nf3+ 70. Kh1 Ke3 71. Ng7 Nd4 72. Kg1 Kf3 73. Kf1
f4 74. Nh5 Nf5 75. gxf4 g3 76. hxg3 h2 0-1

[Event "10th European Teams w"]
[Site "Warsaw POL"]
[Date "2013.11.09"]
[Round "2.14"]
[White "Kulon, Klaudia"]
[Black "Chevannes, Sabrina L"]
[Result "1-0"]
[WhiteTitle "WIM"]
[BlackTitle "WFM"]
[WhiteElo "2276"]
[BlackElo "2200"]
[WhiteTeam "Poland Futures"]
[BlackTeam "England"]
[WhiteFideId "1131044"]
[BlackFideId "411280"]
[EventDate "2013.11.08"]

1. c4 Nf6 2. g3 c6 3. Bg2 d5 4. Nf3 dxc4 5. a4 a5 6. Na3 Qd5 7. Qc2 Be6 8. O-O
Nbd7 9. h4 Nb6 10. Ng5 Qd7 11. e4 h6 12. Nxe6 Qxe6 13. Re1 Nfd7 14. f4 Nc5 15.
f5 Qd6 16. Nxc4 Qd4+ 17. Ne3 e6 18. Qc3 Qxc3 19. bxc3 Bd6 20. Ba3 O-O-O 21. d4
Ncxa4 22. Bxd6 Rxd6 23. Reb1 Kc7 24. Ra3 e5 25. d5 f6 26. c4 Ra8 27. Rba1 cxd5
28. exd5 Nc5 29. Rxa5 Rxa5 30. Rxa5 Nbd7 31. Ra8 Nb8 32. Ra3 Rb6 33. Kh2 Nba6
34. Kh3 Kd6 35. Kg4 Ke7 36. Kh5 Kf7 37. g4 Rd6 38. g5 hxg5 39. hxg5 Nb4 40. Ra8
fxg5 41. Ng4 Nbd3 42. Kxg5 Nd7 43. Be4 N3c5 44. Bf3 Rb6 45. Rc8 e4 46. Bd1 Rb1
47. Ne3 b6 48. d6 Nf6 49. Rc7+ Ncd7 50. Bh5+ g6 51. fxg6+ Ke6 52. g7 Kxd6 53.
Rxd7+ Kxd7 54. Kxf6 Rg1 55. Bg4+ 1-0

[Event "10th European Teams w"]
[Site "Warsaw POL"]
[Date "2013.11.09"]
[Round "2.14"]
[White "Wisniowska, Klaudia"]
[Black "Grigoryan, Meri"]
[Result "1-0"]
[WhiteTitle "WFM"]
[BlackTitle "WFM"]
[WhiteElo "2153"]
[BlackElo "2039"]
[WhiteTeam "Poland Futures"]
[BlackTeam "England"]
[WhiteFideId "1181238"]
[BlackFideId "13300571"]
[EventDate "2013.11.08"]

1. e4 c6 2. d4 d5 3. Nc3 dxe4 4. Nxe4 h6 5. Nf3 Bf5 6. Ng3 Bh7 7. Bd3 Bxd3 8.
Qxd3 Nd7 9. Bf4 Qa5+ 10. Bd2 Qb6 11. O-O e6 12. Rfe1 Ngf6 13. c4 Be7 14. Bc3 O-O
15. Rad1 Bb4 16. Bxb4 Qxb4 17. a3 Qd6 18. Ne5 Rad8 19. Qe2 Qc7 20. b4 a5 21. Rb1
axb4 22. axb4 Ra8 23. Qb2 Nb6 24. Qc2 Rfd8 25. Red1 Ra3 26. Qb2 Ra7 27. h3 Nfd7
28. Nxd7 Rxd7 29. Qe2 Qf4 30. Nh5 Qg5 31. Rb3 Qd8 32. Qe5 f6 33. Qxe6+ Kh8 34.
Nf4 Rd6 35. Qf7 Rxd4 36. Rxd4 Qxd4 37. Qe8+ Kh7 38. Qg6+ Kh8 39. Rg3 Ra1+ 40.
Kh2 Qd7 41. Nh5 1-0

[Event "10th European Teams w"]
[Site "Warsaw POL"]
[Date "2013.11.09"]
[Round "2.14"]
[White "Bhatia, Kanwal K"]
[Black "Wozniak, Mariola"]
[Result "0-1"]
[WhiteTitle "WFM"]
[BlackTitle "WC"]
[WhiteElo "2039"]
[BlackElo "2069"]
[WhiteTeam "England"]
[BlackTeam "Poland Futures"]
[WhiteFideId "407496"]
[BlackFideId "1152050"]
[EventDate "2013.11.08"]

1. e4 c5 2. c3 Nf6 3. e5 Nd5 4. d4 cxd4 5. Nf3 e6 6. cxd4 d6 7. Bc4 Nc6 8. O-O
Be7 9. a3 O-O 10. Nbd2 Qc7 11. Re1 dxe5 12. dxe5 Rd8 13. Qe2 b6 14. Qe4 Bb7 15.
Nf1 Ndb4 16. Bg5 Nd4 17. Qg4 Bxf3 18. gxf3 Bxg5 19. axb4 Qxc4 20. Kh1 Qd3 21.
Qxg5 Qxf3+ 22. Kg1 Ne2+ 23. Rxe2 Qxe2 24. Ng3 Rd1+ 25. Rxd1 Qxd1+ 26. Kg2 h6 27.
Qf4 Rd8 28. Qh4 Qd5+ 29. Kg1 Rc8 30. Qf4 Rc4 31. Qe3 Rxb4 32. Qc3 Rc4 33. Qe3
Rd4 34. h3 Rd3 35. Qf4 Qf3 0-1

[Event "10th European Teams w"]
[Site "Warsaw POL"]
[Date "2013.11.09"]
[Round "2.15"]
[White "Tuominen, Tanja"]
[Black "Srebrnic, Ana"]
[Result "0-1"]
[WhiteTitle "WIM"]
[BlackTitle "WGM"]
[WhiteElo "2105"]
[BlackElo "2198"]
[WhiteTeam "Finland"]
[BlackTeam "Slovenia"]
[WhiteFideId "502340"]
[BlackFideId "14603314"]
[EventDate "2013.11.08"]

1. d4 Nf6 2. Nf3 g6 3. Nbd2 d5 4. e3 Bg7 5. Bd3 c5 6. c3 Qc7 7. e4 dxe4 8. Nxe4
Nxe4 9. Bxe4 O-O 10. O-O Rd8 11. Re1 cxd4 12. cxd4 Nd7 13. Bg5 Nf6 14. Rc1 Qb6
15. Bd3 Be6 16. Qd2 Rac8 17. Rxc8 Rxc8 18. Be3 Bd5 19. Ne5 Bxa2 20. Rc1 Rd8 21.
b4 Bd5 22. f4 Ne4 23. Qe1 f6 24. Nc4 Qe6 25. Nd2 Nxd2 26. Qxd2 Rc8 27. Re1 f5
28. Bf2 Qd6 29. b5 Qa3 30. Bf1 Be4 31. Re3 Qa1 32. Re1 Qa4 33. Qb2 Rc2 34. Qa1
Qxa1 35. Rxa1 Rxf2 0-1

[Event "10th European Teams w"]
[Site "Warsaw POL"]
[Date "2013.11.09"]
[Round "2.15"]
[White "Kaps, Darja"]
[Black "Savola, Laura"]
[Result "0-1"]
[WhiteTitle "WGM"]
[BlackTitle "WFM"]
[WhiteElo "2221"]
[BlackElo "2076"]
[WhiteTeam "Slovenia"]
[BlackTeam "Finland"]
[WhiteFideId "14602334"]
[BlackFideId "506168"]
[EventDate "2013.11.08"]

1. e4 e6 2. Nf3 d5 3. Nc3 d4 4. Ne2 c5 5. d3 Nc6 6. g3 g6 7. Bg2 Bg7 8. O-O Nge7
9. h3 Rb8 10. Nh2 b5 11. g4 O-O 12. g5 Bb7 13. Ng3 c4 14. f4 Qc7 15. Ng4 Kh8 16.
Bd2 Ng8 17. e5 Nge7 18. Ne4 Nf5 19. Qe1 Rbc8 20. a4 bxa4 21. Rxa4 cxd3 22. cxd3
Qb6 23. b4 Nce7 24. Qa1 a6 25. Rf2 Rc2 26. Qd1 Rc7 27. Nc5 Bxg2 28. Rxg2 Nd5 29.
Rxa6 Qb5 30. Ra5 Qb6 31. Ra4 Nfe3 32. Qf3 Nxg2 33. Qxg2 Qb5 34. Ra5 Qb6 35. Ra6
Qb5 36. Ra5 Qb6 37. Nb3 Nxb4 38. Nf6 Nxd3 39. Ra3 Ra7 40. Rxa7 Qxa7 41. Qg3 Nb2
42. Qf2 Bxf6 43. gxf6 Qa4 44. Nc5 Qd1+ 45. Kh2 Nc4 46. Be1 Rb8 47. Qh4 Qe2+ 48.
Bf2 Rb2 49. Kg1 Ne3 50. Qg3 Qf1+ 0-1

[Event "10th European Teams w"]
[Site "Warsaw POL"]
[Date "2013.11.09"]
[Round "2.15"]
[White "Puuska, Heini"]
[Black "Novak, Ksenija"]
[Result "1-0"]
[WhiteTitle "WFM"]
[BlackTitle "WFM"]
[WhiteElo "1982"]
[BlackElo "2082"]
[WhiteTeam "Finland"]
[BlackTeam "Slovenia"]
[WhiteFideId "502324"]
[BlackFideId "14604272"]
[EventDate "2013.11.08"]

1. c4 e5 2. g3 Nf6 3. Bg2 Nc6 4. Nc3 Bc5 5. a3 a5 6. e3 O-O 7. Nge2 Re8 8. O-O
d6 9. b3 Bg4 10. h3 Bh5 11. Kh2 e4 12. f4 exf3 13. Bxf3 Bxf3 14. Rxf3 d5 15. d4
Bf8 16. Nf4 Ne7 17. Ra2 c6 18. Re2 Ne4 19. Nxe4 dxe4 20. Rf1 Nf5 21. Nh5 Nd6 22.
Ref2 Qd7 23. Bb2 Re7 24. d5 Ne8 25. Rd2 cxd5 26. Rxd5 Qc6 27. Rf2 Nc7 28. Rd6
Qc5 29. Nf6+ gxf6 30. Bxf6 Ne8 31. Qg4+ Bg7 32. Bxe7 Nxd6 33. Qf4 Be5 34. Qg5+
Kh8 35. Bf6+ 1-0

[Event "10th European Teams w"]
[Site "Warsaw POL"]
[Date "2013.11.09"]
[Round "2.15"]
[White "Unuk, Laura"]
[Black "Nazarova, Anastasia"]
[Result "1-0"]
[BlackTitle "WC"]
[WhiteElo "1991"]
[BlackElo "1727"]
[WhiteTeam "Slovenia"]
[BlackTeam "Finland"]
[WhiteFideId "14609215"]
[BlackFideId "34101737"]
[EventDate "2013.11.08"]

1. d4 d5 2. c4 c6 3. Nf3 Nf6 4. g3 e6 5. Bg2 Be7 6. O-O O-O 7. b3 Nbd7 8. Qc2 c5
9. Nc3 dxc4 10. bxc4 cxd4 11. Nxd4 Qa5 12. Rb1 Rb8 13. Bd2 Qh5 14. Bf4 e5 15.
Nf5 Bc5 16. Be3 Ng4 17. h3 Nxe3 18. Nxe3 Bxe3 19. fxe3 Nf6 20. Rxf6 gxf6 21. Nd5
Kg7 22. g4 Qg5 23. Rf1 Be6 24. Nxf6 Qxe3+ 25. Kh2 Rh8 26. Nh5+ Kf8 27. Bd5 Ke7
28. Rf3 Qc5 29. Qe4 Qc7 30. Ng7 Rbg8 31. Nf5+ Kd8 32. Rd3 Ke8 33. Bxe6 fxe6 34.
Nd6+ Ke7 35. Qxe5 Qc6 36. Nf5+ Ke8 37. Rd6 Qxd6 38. Nxd6+ Ke7 39. Nf5+ 1-0